Quiz wiedzy o Premier League - Statystyki

Ogólne statystyki
  • Ten quiz został rozwiązany 101 razy
  • Średni wynik to 7 z 15
Statystyki odpowiedzi
Zagadnienie Odpowiedź % Poprawnych
Kto był rywalem Manchesteru City w pamiętnym meczu, w którym Sergio Aguero zdobył decydującego o tytule mistrzowskim gola. Queens Park Rangers
72%
Z jakiego klubu do Liverpoolu przyszedł Jordan Henderson Sunderland
64%
Jaki trener prowadził wówczas Manchester City Roberto Mancini
62%
Kto trenował Liverpool przed Jurgenem Kloppem Brendan Rodgers
57%
Na jakim stadionie mecze domowe rozgrywa Leeds United Elland Road
55%
Który angielski klub sensacyjne dotarł aż do finału Ligi Europy w sezonie 2009/10 gdzie zmierzył się z Atletico Madryt Fulham
55%
Jaki zespół wykonuje utwór „ Hey Jude” znany z trybun Premier League The Beatles
53%
Jak nazywa się stadion klubu piłkarskiego Watford Vicarage Road
53%
Ilu Polaków gra w obecnym sezonie Premier League ( nie licząc Mattyego Casha) 4
45%
Który klub gra na stadionie o nazwie Selhurst Park Crystal Palace
42%
Wychowankiem którego klubu jest Gareth Bale Southampton
39%
Mecz pomiędzy którymi drużynami zwany jest derbami autostrady M23 Crystal Palace-Brighton
38%
W Premier League pracuje 3 niemieckich trenerów. Jeden prowadzi Liverpool, drugi Chelsea a trzeci: Norwich
37%
W sezonie 2015/16 mistrzem Premier League zostało Leicester City, kto zajął 2 miejsce: Arsenal
36%
Po którym meczu Liverpool zapewnił sobie tytuł mistrzowski w sezonie 2019/20 Po porażce Ma chesteru City z Chelsea 1-2
34%
Nie znaleziono quizów pasujących do podanych kryteriów
Rozkład punktacji
Procent ludzi z każdym wynikiem
Percentyl według liczby udzielonych odpowiedzi
Twoja historia wyników
Nie rozwiązałeś tego quizu